| 000 | 00550nam a2200229 a 4500 | ||
|---|---|---|---|
| 999 |
_c1901 _d1901 |
||
| 001 | 1901 | ||
| 003 | BD-JhCC | ||
| 005 | 20171026103909.0 | ||
| 008 | 171026s2000 n a|||| ||a| 000 0 eng d | ||
| 020 | _a0439222249 | ||
| 035 | _a(BD-JhCC) 1901 | ||
| 040 |
_aBD-JhCC _dBD-JhCC |
||
| 041 | _aeng | ||
| 082 |
_a782.4216 _bJOH 2000 |
||
| 100 | _aJohns, Michel Anne | ||
| 245 |
_aJustin / _cMichael-Anne Johns |
||
| 260 |
_aNewyork : _bScholstic Inc , _c2000 |
||
| 300 |
_a76 p .: _c18 cm . |
||
| 650 | _aN sync | ||
| 942 |
_2ddc _cBK |
||